[Event "Voronezh op-A"]
[Site "Voronezh"]
[Date "2006.06.20"]
[Round "8"]
[White "Bezgodova, Svetlana"]
[Black "Yashtylov, Anatolij"]
[Result "0-1"]
[WhiteElo "2243"]
[BlackElo "2405"]
[PlyCount "72"]
[EventDate "2006.06.12"]
[EventType "swiss"]
[EventRounds "9"]
[EventCountry "RUS"]
[SourceTitle "CBM 112 Extra"]
[Source "ChessBase"]
[SourceDate "2006.07.14"]
[SourceVersion "1"]
[SourceVersionDate "2006.07.14"]
[SourceQuality "1"]

1. Nf3 d5 2. g3 c6 3. Bg2 Bg4 4. c4 e6 5. 0-0 Nd7 6. b3 Ngf6 7. Bb2 Bd6 8. d3 0-0 9. Nbd2 Re8 10. a3 a5 11. Qc2 Qe7 12. Rfe1 e5 13. h3 Be6 14. e4 d4 15. Nh4 g6 16. Nhf3 Nh5 17. Nf1 b5 18. Reb1 a4 19. b4 c5 20. cxb5 cxb4 21. axb4 Rec8 22. Qd1 Bb3 23. Qe2 Rc2 24. N1d2 Bxb4 25. Bxd4 exd4 26. Rxb3 axb3 27. Rxa8+ Kg7 28. Qd1 Bxd2 29. Nxd2 Qb4 30. Nb1 Qc5 31. Bf1 b2 32. Rd8 Nhf6 33. e5 Nxe5 34. b6 Rc1 35. Qe2 Qxb6 36. Qxe5 Qxd8 0-1

[Event "Voronezh op-A"]
[Site "Voronezh"]
[Date "2006.06.19"]
[Round "7"]
[White "Yashtylov, Anatolij"]
[Black "Gritsak, Orest"]
[Result "0-1"]
[WhiteElo "2405"]
[BlackElo "2548"]
[PlyCount "110"]
[EventDate "2006.06.12"]
[EventType "swiss"]
[EventRounds "9"]
[EventCountry "RUS"]
[SourceTitle "CBM 112 Extra"]
[Source "ChessBase"]
[SourceDate "2006.07.14"]
[SourceVersion "1"]
[SourceVersionDate "2006.07.14"]
[SourceQuality "1"]

1. d4 Nf6 2. c4 e6 3. Nc3 Bb4 4. e3 c5 5. Bd3 0-0 6. Nge2 cxd4 7. exd4 d5 8. cxd5 Nxd5 9. 0-0 Nc6 10. a3 Bd6 11. Ne4 Bc7 12. Bc2 h6 13. Qd3 f5 14. N4c3 Nxc3 15. Qxc3 e5 16. d5 Ne7 17. Rd1 Bd6 18. f4 Ng6 19. Rf1 Bd7 20. Qb3 Rc8 21. Be3 b6 22. Rae1 Re8 23. fxe5 Nxe5 24. h3 Nc4 25. Bc1 Qh4 26. Kh1 Re7 27. Bd1 f4 28. Qf3 Ne3 29. Qf2 Qxf2 30. Rxf2 g5 31. Bb3 Nf5 32. Bd2 Rce8 33. Bc4 Ng3+ 34. Kg1 Ne4 35. Bb4 Bxb4 36. axb4 Kg7 37. Ra1 Nxf2 38. Kxf2 Bf5 39. Nd4 Kf6 40. Nc6 Rd7 41. Ra6 Ra8 42. Kf3 Bg6 43. b3 Bf5 44. b5 Bg6 45. Ra2 Re8 46. Kf2 h5 47. Ra6 g4 48. h4 Re3 49. Nxa7 g3+ 50. Kf1 Bd3+ 51. Bxd3 Rxd3 52. Rxb6+ Kf5 53. Ra6 R7xd5 54. Ra1 Rxb3 55. Nc8 Kg4 0-1

[Event "Voronezh op-A"]
[Site "Voronezh"]
[Date "2006.06.14"]
[Round "3"]
[White "Vorobiov, Evgeny E"]
[Black "Yashtylov, Anatolij"]
[Result "1/2-1/2"]
[WhiteElo "2540"]
[BlackElo "2405"]
[PlyCount "39"]
[EventDate "2006.06.12"]
[EventType "swiss"]
[EventRounds "9"]
[EventCountry "RUS"]
[SourceTitle "CBM 112 Extra"]
[Source "ChessBase"]
[SourceDate "2006.07.14"]
[SourceVersion "1"]
[SourceVersionDate "2006.07.14"]
[SourceQuality "1"]

1. e4 e5 2. Nf3 Nc6 3. Nc3 Nf6 4. Bb5 Bb4 5. 0-0 0-0 6. d3 d6 7. Bg5 Bxc3 8. bxc3 Qe7 9. Re1 Nd8 10. d4 Ne6 11. Bc1 Rd8 12. Bf1 Nf8 13. Nd2 Ng6 14. Nc4 b6 15. Ne3 h6 16. Nf5 Qe6 17. Qf3 d5 18. Ng3 dxe4 19. Nxe4 Nxe4 20. Qxe4 1/2-1/2

[Event "RUS-chT Clubs sf"]
[Site "Cheliabinsk"]
[Date "2005.01.??"]
[Round "5"]
[White "Sveshnikov, Evgeny"]
[Black "Yashtylov, Anatolij"]
[Result "1/2-1/2"]
[WhiteElo "2511"]
[BlackElo "2414"]
[PlyCount "41"]
[EventDate "2005.01.??"]
[EventType "team"]
[EventRounds "9"]
[EventCountry "RUS"]
[SourceTitle "EXT 2006"]
[Source "ChessBase"]
[SourceDate "2005.11.24"]
[SourceVersion "1"]
[SourceVersionDate "2005.11.24"]
[SourceQuality "1"]

1. e4 e6 2. d4 d5 3. e5 c5 4. c3 Nc6 5. Nf3 Qb6 6. a3 f6 7. b4 fxe5 8. bxc5 Qa5 9. dxe5 Bxc5 10. Bd3 Nh6 11. Bxh6 gxh6 12. 0-0 Qc7 13. Qe2 Qg7 14. Nbd2 Bd7 15. Nb3 Bb6 16. Rae1 Rg8 17. g3 Qe7 18. Nfd4 0-0-0 19. Qh5 Qxa3 20. Qxh6 Kb8 21. Ra1 1/2-1/2

[Event "RUS-chT Clubs sf"]
[Site "Cheliabinsk"]
[Date "2005.01.??"]
[Round "6"]
[White "Yashtylov, Anatolij"]
[Black "Alavkin, Arseny Nailievich"]
[Result "0-1"]
[WhiteElo "2414"]
[BlackElo "2476"]
[PlyCount "76"]
[EventDate "2005.01.??"]
[EventType "team"]
[EventRounds "9"]
[EventCountry "RUS"]
[SourceTitle "EXT 2006"]
[Source "ChessBase"]
[SourceDate "2005.11.24"]
[SourceVersion "1"]
[SourceVersionDate "2005.11.24"]
[SourceQuality "1"]

1. d4 d5 2. c4 c6 3. Nc3 Nf6 4. e3 a6 5. Nf3 b5 6. c5 g6 7. a3 Nbd7 8. b4 a5 9. Bb2 Bg7 10. Be2 Qc7 11. Nd2 e5 12. Nb3 a4 13. Na5 Rb8 14. g4 exd4 15. exd4 0-0 16. g5 Nh5 17. Bxh5 gxh5 18. Qd2 Re8+ 19. Kf1 Nf8 20. h3 Bf5 21. Re1 Qd7 22. Re3 Ne6 23. Nd1 h4 24. f3 h6 25. gxh6 Bxh6 26. Qg2+ Kh7 27. Qf2 Nf4 28. Qxh4 Bc2 29. Bc1 Bxd1 30. Rxe8 Qxe8 31. Rh2 Be2+ 32. Kg1 Qg8+ 33. Kf2 Nd3+ 34. Kxe2 Nxc1+ 35. Kf1 Qg6 36. Rg2 Qd3+ 37. Kg1 Ne2+ 38. Kh2 Nxd4 0-1

[Event "Samara op"]
[Site "Samara"]
[Date "2003.??.??"]
[Round "7"]
[White "Yashtylov, Anatolij"]
[Black "Belozerov, Andrei"]
[Result "1/2-1/2"]
[WhiteElo "2378"]
[BlackElo "2526"]
[PlyCount "69"]
[EventDate "2003.??.??"]
[EventType "swiss"]
[EventRounds "9"]
[EventCountry "RUS"]
[SourceTitle "EXT 2005"]
[Source "ChessBase"]
[SourceDate "2004.11.15"]
[SourceVersion "1"]
[SourceVersionDate "2004.11.15"]
[SourceQuality "1"]

1. d4 Nf6 2. c4 c5 3. d5 g6 4. Nc3 Bg7 5. e4 d6 6. Bd3 0-0 7. Nge2 e6 8. 0-0 exd5 9. cxd5 b6 10. Ng3 Ba6 11. Nb5 Bxb5 12. Bxb5 a6 13. Be2 Nbd7 14. a4 Ne8 15. f4 Bd4+ 16. Kh1 Nc7 17. Bf3 Rb8 18. e5 dxe5 19. f5 b5 20. axb5 axb5 21. d6 Ne8 22. Bh6 Nxd6 23. Bxf8 Kxf8 24. fxg6 hxg6 25. Ne4 Nf5 26. Bg4 Ne3 27. Qf3 f5 28. Bxf5 gxf5 29. Qh5 Ke7 30. Ra6 Rb6 31. Qg5+ Ke8 32. Qg8+ Ke7 33. Qg5+ Ke8 34. Qg8+ Ke7 35. Qg5+ 1/2-1/2

[Event "Samara op"]
[Site "Samara"]
[Date "2003.??.??"]
[Round "5"]
[White "Yashtylov, Anatolij"]
[Black "Yandemirov, Valeri"]
[Result "1/2-1/2"]
[WhiteElo "2378"]
[BlackElo "2469"]
[PlyCount "89"]
[EventDate "2003.??.??"]
[EventType "swiss"]
[EventRounds "9"]
[EventCountry "RUS"]
[SourceTitle "EXT 2005"]
[Source "ChessBase"]
[SourceDate "2004.11.15"]
[SourceVersion "1"]
[SourceVersionDate "2004.11.15"]
[SourceQuality "1"]

1. d4 Nf6 2. c4 g6 3. Nf3 Bg7 4. Nc3 d5 5. Qb3 dxc4 6. Qxc4 0-0 7. e4 c6 8. Be2 b5 9. Qb3 a5 10. a3 a4 11. Qc2 Be6 12. Bg5 Bb3 13. Qd2 Na6 14. 0-0 Nc7 15. h3 Ne6 16. Be3 Qa5 17. Ng5 Rfd8 18. Nxe6 Bxe6 19. Qc1 b4 20. axb4 Qxb4 21. Rd1 Bb3 22. Rd2 e5 23. dxe5 Nxe4 24. Rxd8+ Rxd8 25. Na2 Bxa2 26. Rxa2 Bxe5 27. g4 Bd4 28. Bf3 Qb3 29. Bxd4 Qxa2 30. Bb6 Qb3 31. Bxd8 Qxf3 32. Bb6 c5 33. Bxc5 Qxh3 34. Qf4 Nxc5 35. Qb8+ Kg7 36. Qe5+ Kg8 37. Qb8+ Kg7 38. Qe5+ f6 39. Qc7+ Kg8 40. Qd8+ Kf7 41. Qc7+ Ke6 42. Qc6+ Kf7 43. Qc7+ Kg8 44. Qd8+ Kg7 45. Qc7+ 1/2-1/2

[Event "RUS-Cup04"]
[Site "Samara"]
[Date "2002.07.26"]
[Round "1"]
[White "Yevseev, Denis"]
[Black "Yashtylov, Anatolij"]
[Result "1-0"]
[WhiteElo "2546"]
[BlackElo "2381"]
[PlyCount "67"]
[EventDate "2002.07.26"]
[EventType "swiss"]
[EventRounds "9"]
[EventCountry "RUS"]
[SourceTitle "CBM 089 Extra"]
[Source "ChessBase"]
[SourceDate "2002.09.10"]
[SourceVersion "2"]
[SourceVersionDate "2002.09.10"]
[SourceQuality "1"]

1. d4 d5 2. c4 e6 3. Nf3 Nf6 4. g3 Bb4+ 5. Bd2 Be7 6. Bg2 0-0 7. 0-0 c6 8. Qc2 Nbd7 9. b3 Ne4 10. Bc1 b6 11. Nbd2 Nxd2 12. Nxd2 Bb7 13. e4 Rc8 14. Bb2 Rc7 15. Rad1 c5 16. exd5 exd5 17. dxc5 Bxc5 18. Qf5 dxc4 19. Bxb7 Rxb7 20. Nxc4 Qc7 21. Rfe1 Qc6 22. Re4 f6 23. Re6 Qc7 24. Qd5 Kh8 25. Rc6 Qb8 26. Nd6 Bxd6 27. Rxd6 Rd8 28. Bc1 Qc8 29. Bf4 Rc7 30. Qd4 Kg8 31. Rd5 Rb7 32. Rc1 Qa8 33. Bc7 Qc8 34. Qc4 1-0

[Event "Petrov Memorial op"]
[Site "St Petersburg"]
[Date "2002.02.17"]
[Round "6"]
[White "Ushenina, Anna"]
[Black "Yashtylov, Anatolij"]
[Result "1-0"]
[WhiteElo "2297"]
[BlackElo "2370"]
[PlyCount "127"]
[EventDate "2002.02.12"]
[EventType "swiss"]
[EventRounds "9"]
[EventCountry "RUS"]
[SourceTitle "CBM 086 Extra"]
[Source "ChessBase"]
[SourceDate "2002.03.14"]
[SourceVersion "1"]
[SourceVersionDate "2002.03.14"]
[SourceQuality "1"]

1. e4 c5 2. Nf3 e6 3. d4 cxd4 4. Nxd4 Nf6 5. Nc3 d6 6. Be2 Be7 7. 0-0 0-0 8. Kh1 Nc6 9. Be3 e5 10. Nb3 Be6 11. f4 exf4 12. Bxf4 d5 13. e5 Nd7 14. Nxd5 Ndxe5 15. Nxe7+ Qxe7 16. c3 Rfe8 17. Nd4 Nxd4 18. Qxd4 Nc6 19. Qa4 a6 20. Bf3 b5 21. Qc2 Rac8 22. Qf2 Qf6 23. Qg3 Bc4 24. Rfd1 a5 25. h3 Qg6 26. Qh4 Ne5 27. Bxe5 Rxe5 28. b3 h6 29. bxc4 Rxc4 30. Qd8+ Kh7 31. Qxa5 Rec5 32. Qa8 Rxc3 33. Qe4 f5 34. Qe2 Qg3 35. Rd2 R5c4 36. Rf1 Rh4 37. Qf2 Qf4 38. Re2 b4 39. Kg1 Qc4 40. Rb2 Rd4 41. Qe2 Qc5 42. Kh1 Rdd3 43. Qe6 Re3 44. Qf7 Qe5 45. Qd5 Qf4 46. Rbf2 Re5 47. Qf7 Rc1 48. Bd1 Qd4 49. Bh5 Rxf1+ 50. Rxf1 Qd6 51. Rd1 Qb6 52. Kh2 Rc5 53. Qd7 Qf6 54. Qd6 Rc6 55. Qxf6 Rxf6 56. Rb1 Ra6 57. Bf7 Ra4 58. Rc1 Ra7 59. Bb3 Rb7 60. Rc5 Kg6 61. Bc4 Kg5 62. Kg3 h5 63. h4+ Kf6 64. Kf4 1-0

[Event "Serpukhov op"]
[Site "Serpukhov"]
[Date "2002.??.??"]
[Round "7"]
[White "Polyakova, Natalia"]
[Black "Yashtylov, Anatolij"]
[Result "0-1"]
[WhiteElo "2205"]
[BlackElo "2378"]
[PlyCount "80"]
[EventDate "2002.??.??"]
[EventType "swiss"]
[EventRounds "15"]
[EventCountry "RUS"]
[SourceTitle "EXT 2007"]
[Source "ChessBase"]
[SourceDate "2006.11.23"]
[SourceVersion "1"]
[SourceVersionDate "2006.11.23"]
[SourceQuality "1"]

1. d4 d5 2. Bf4 Bf5 3. e3 c6 4. Nf3 e6 5. Be2 Bd6 6. Bg3 Nf6 7. Nbd2 h6 8. Ne5 0-0 9. 0-0 Qe7 10. c4 Ne8 11. c5 Bc7 12. b4 f6 13. Nef3 e5 14. Nb3 g5 15. Nfd2 Ng7 16. Re1 Bg6 17. a4 h5 18. f3 h4 19. Bf2 f5 20. e4 fxe4 21. fxe4 Ne6 22. Bf3 Qf6 23. exd5 cxd5 24. dxe5 Bxe5 25. Rxe5 Qxe5 26. Qe1 Qf5 27. h3 Nf4 28. Nd4 Qf6 29. Ra3 Nd7 30. Nb5 Rae8 31. Qa1 Ne2+ 32. Kf1 Qf4 33. Bxd5+ Kh7 34. Nf3 Ne5 35. Nd6 Nxf3 36. Bxf3 Qh2 37. Nxe8 Rxe8 38. Bxe2 Qf4 39. Rf3 Qxb4 40. Qf6 Qd2 0-1

[Event "Serpukhov op"]
[Site "Serpukhov"]
[Date "2002.??.??"]
[Round "1"]
[White "Sudakova, Irina"]
[Black "Yashtylov, Anatolij"]
[Result "0-1"]
[WhiteElo "2335"]
[BlackElo "2378"]
[PlyCount "114"]
[EventDate "2002.??.??"]
[EventType "swiss"]
[EventRounds "15"]
[EventCountry "RUS"]
[SourceTitle "EXT 2007"]
[Source "ChessBase"]
[SourceDate "2006.11.23"]
[SourceVersion "1"]
[SourceVersionDate "2006.11.23"]
[SourceQuality "1"]

1. e4 e5 2. Nf3 Nc6 3. Bb5 a6 4. Ba4 Nf6 5. 0-0 b5 6. Bb3 Bc5 7. c3 d6 8. d3 0-0 9. Be3 Bxe3 10. fxe3 Be6 11. Nbd2 Bxb3 12. Qxb3 Qe7 13. a4 Rab8 14. axb5 axb5 15. Ra6 Nd8 16. Ra5 c6 17. Rfa1 Ne6 18. d4 Ng4 19. Re1 Ng5 20. Qa2 Nxf3+ 21. Nxf3 d5 22. Ra7 Qd8 23. Re2 dxe4 24. Nxe5 Nxe5 25. dxe5 Qd1+ 26. Kf2 Rbe8 27. Re1 Qd2+ 28. Re2 Qd3 29. b4 Qxc3 30. Qb2 Qc4 31. Qd4 Qe6 32. Qd6 Qf5+ 33. Kg1 Rd8 34. Rf2 Qg4 35. Qxc6 Rd1+ 36. Rf1 Rxf1+ 37. Kxf1 Qd1+ 38. Kf2 Qd2+ 39. Kf1 Qxe3 40. Ra8 Qf4+ 41. Ke2 Qxe5 42. Rxf8+ Kxf8 43. g3 g6 44. Ke3 Qg5+ 45. Ke2 Qh5+ 46. Ke3 Qf3+ 47. Kd4 Qf2+ 48. Ke5 e3 49. Qc8+ Kg7 50. Ke4 e2 51. Qc3+ Qf6 52. Qe1 Qe6+ 53. Kf3 Qe5 54. Kf2 Kf6 55. h4 Ke6 56. Kg2 Qd5+ 57. Kf2 Qd1 0-1

[Event "RUS-Cup07"]
[Site "Togliatti"]
[Date "2001.08.11"]
[Round "4"]
[White "Yashtylov, Anatolij"]
[Black "Krassilnikov, Evgeni"]
[Result "1-0"]
[WhiteElo "2373"]
[BlackElo "2266"]
[PlyCount "99"]
[EventDate "2001.08.08"]
[EventType "swiss"]
[EventRounds "9"]
[EventCountry "RUS"]
[SourceTitle "CBM 083 Extra"]
[Source "ChessBase"]
[SourceDate "2001.09.11"]
[SourceVersion "1"]
[SourceVersionDate "2001.09.11"]
[SourceQuality "1"]

1. d4 Nf6 2. c4 g6 3. Nf3 Bg7 4. g3 0-0 5. Bg2 d6 6. 0-0 Nbd7 7. Nc3 e5 8. h3 c6 9. e4 a5 10. Be3 a4 11. Qc2 Qa5 12. Rad1 exd4 13. Nxd4 Qb4 14. b3 axb3 15. axb3 Re8 16. Rfe1 Nc5 17. Bf4 Bf8 18. Rb1 Nfd7 19. Ncb5 Na6 20. Nc3 Nac5 21. Bd2 Qb6 22. Be3 Qb4 23. Red1 Nf6 24. f3 Bd7 25. Qd2 Ne6 26. Na4 Qxd2 27. Rxd2 Ra6 28. Nb6 Nc5 29. Nxd7 Ncxd7 30. b4 Ra3 31. Nc2 Ra2 32. Kf2 Ne5 33. Bf1 Rea8 34. g4 Be7 35. g5 Ne8 36. f4 Nd7 37. Kf3 Nf8 38. h4 Bd8 39. Bd3 h5 40. gxh6 Bxh4 41. c5 Rd8 42. Rh1 Be7 43. Bc4 Raa8 44. h7+ Nxh7 45. Rdh2 Nef6 46. cxd6 Bf8 47. e5 Nh5 48. f5 Kg7 49. Rg2 b5 50. Bb3 1-0

[Event "RUS-ch U20"]
[Site "Kazan"]
[Date "2001.??.??"]
[Round "7"]
[White "Ayupov, Damir"]
[Black "Yashtylov, Anatolij"]
[Result "1-0"]
[WhiteElo "2349"]
[BlackElo "2366"]
[PlyCount "137"]
[EventDate "2001.??.??"]
[EventType "swiss"]
[EventRounds "11"]
[EventCountry "RUS"]
[SourceTitle "EXT 2002"]
[Source "ChessBase"]
[SourceDate "2001.11.25"]
[SourceVersion "1"]
[SourceVersionDate "2001.11.25"]
[SourceQuality "1"]

1. e4 e5 2. Nf3 Nc6 3. Bc4 Bc5 4. c3 Nf6 5. d3 d6 6. 0-0 a6 7. Bb3 Ba7 8. Nbd2 0-0 9. h3 Ne7 10. Re1 Ng6 11. Nf1 Nh5 12. d4 Qe7 13. Bg5 Qe8 14. Nxe5 dxe5 15. Qxh5 exd4 16. e5 Be6 17. Ng3 Bxb3 18. Nf5 f6 19. exf6 Qf7 20. axb3 dxc3 21. bxc3 Qxb3 22. Re7 Rf7 23. Rxf7 Qxf7 24. Nxg7 Bc5 25. Rd1 a5 26. Nf5 Bf8 27. Ne7+ Bxe7 28. fxe7 Nxe7 29. Qxf7+ Kxf7 30. Rd7 Re8 31. Rxc7 b6 32. Rb7 a4 33. c4 a3 34. Ra7 a2 35. Bxe7 Rxe7 36. Rxa2 Rc7 37. Rb2 Rxc4 38. Rxb6 Rc1+ 39. Kh2 Rc2 40. f3 Ra2 41. h4 Kg7 42. Kh3 Rf2 43. Rb3 Rf1 44. g4 Rg1 45. Rb6 Rh1+ 46. Kg3 Rg1+ 47. Kf4 Ra1 48. Rb7+ Kg8 49. Re7 Ra3 50. h5 Rb3 51. Rd7 Ra3 52. Ke4 Ra4+ 53. Ke5 Ra6 54. f4 Ra4 55. h6 Ra5+ 56. Rd5 Ra8 57. f5 Re8+ 58. Kf6 Kh8 59. g5 Rf8+ 60. Ke5 Rg8 61. Kf4 Rf8 62. Rd6 Kg8 63. Kg4 Ra8 64. g6 Rb8 65. Kg5 Rf8 66. Rd7 hxg6 67. fxg6 Rb8 68. h7+ Kh8 69. Kh5 1-0

[Event "Geller Memorial op"]
[Site "Moscow"]
[Date "2001.??.??"]
[Round "8"]
[White "Cherniaev, Alexander"]
[Black "Yashtylov, Anatolij"]
[Result "0-1"]
[WhiteElo "2484"]
[BlackElo "2366"]
[PlyCount "26"]
[EventDate "2001.10.26"]
[EventType "swiss"]
[EventRounds "9"]
[EventCountry "RUS"]
[SourceTitle "EXT 2002"]
[Source "ChessBase"]
[SourceDate "2001.11.25"]
[SourceVersion "1"]
[SourceVersionDate "2001.11.25"]
[SourceQuality "1"]

1. e4 e5 2. Nf3 Nc6 3. Bb5 f5 4. Nc3 fxe4 5. Nxe4 Nf6 6. Qe2 d5 7. Neg5 Bd6 8. Nxe5 0-0 9. Nxc6 bxc6 10. Bxc6 Rb8 11. Ne6 Bxe6 12. Qxe6+ Kh8 13. d3 Rb6 0-1

[Event "RUS-ch U20"]
[Site "Kazan"]
[Date "2001.??.??"]
[Round "2"]
[White "Yashtylov, Anatolij"]
[Black "Inarkiev, Ernesto"]
[Result "0-1"]
[WhiteElo "2366"]
[BlackElo "2469"]
[PlyCount "132"]
[EventDate "2001.??.??"]
[EventType "swiss"]
[EventRounds "11"]
[EventCountry "RUS"]
[SourceTitle "EXT 2002"]
[Source "ChessBase"]
[SourceDate "2001.11.25"]
[SourceVersion "1"]
[SourceVersionDate "2001.11.25"]
[SourceQuality "1"]

1. d4 Nf6 2. c4 g6 3. Nf3 Bg7 4. g3 0-0 5. Bg2 d6 6. 0-0 Nc6 7. Nc3 Rb8 8. h3 Bf5 9. d5 Na5 10. Nd2 c5 11. e4 Bd7 12. Qe2 e6 13. a4 Re8 14. f4 exd5 15. cxd5 Nxe4 16. Ncxe4 f5 17. Qd1 fxe4 18. Nxe4 c4 19. g4 Nb3 20. Ra2 Qb6+ 21. Kh1 Rf8 22. a5 Qb4 23. Be3 Rbe8 24. Qc2 Re7 25. Bxa7 Nxa5 26. Bg1 Nb3 27. Nc3 Nd4 28. Qd1 Nb5 29. Nxb5 Bxb5 30. Bd4 Qb3 31. Bxg7 Qxd1 32. Rxd1 Kxg7 33. Ra5 Ba6 34. Rd4 Re1+ 35. Kh2 Re2 36. Rxa6 bxa6 37. Rxc4 Rb8 38. Kg3 Rb3+ 39. Bf3 Ree3 40. Rc7+ Kf8 41. Kh4 Rxf3 42. Kg5 Rb4 43. Rxh7 Rbxf4 44. Kxg6 Rf6+ 45. Kg5 Rf7 46. Rh8+ Kg7 47. Rd8 R3f6 48. Ra8 Rg6+ 49. Kh4 Rh6+ 50. Kg3 Kf6 51. h4 Ke5 52. g5 Rhh7 53. Rxa6 Rf1 54. Ra4 Kxd5 55. Kg2 Rhf7 56. g6 R7f2+ 57. Kg3 Rxb2 58. h5 Ke6 59. Ra8 Rg1+ 60. Kf3 Rb7 61. Rh8 Kf6 62. Ke4 Rg5 63. Kf4 Rgb5 64. Ke4 Kg7 65. Rh7+ Kg8 66. Rh6 Re5+ 0-1

[Event "Chigorin Memorial 08th"]
[Site "St Petersburg"]
[Date "2000.11.05"]
[Round "5"]
[White "Gafner, Evgeny J"]
[Black "Yashtylov, Anatolij"]
[Result "1-0"]
[WhiteElo "2258"]
[BlackElo "2314"]
[PlyCount "103"]
[EventDate "2000.10.31"]
[EventType "swiss"]
[EventRounds "9"]
[EventCountry "RUS"]
[SourceTitle "EXT 2001"]
[Source "ChessBase"]
[SourceDate "2000.11.22"]
[SourceVersion "1"]
[SourceVersionDate "2000.11.22"]
[SourceQuality "1"]

1. e4 c5 2. Nf3 e6 3. c3 d5 4. exd5 Qxd5 5. d4 Nc6 6. Be2 cxd4 7. cxd4 Nf6 8. 0-0 Be7 9. Nc3 Qd6 10. Nb5 Qd8 11. Bf4 Nd5 12. Bg3 a6 13. Nc3 0-0 14. Rc1 Nf6 15. a3 b6 16. h3 Bb7 17. Bd3 g6 18. Bb1 Rc8 19. Ba2 Na5 20. Ne5 b5 21. Qd3 Qb6 22. Rfe1 Nc4 23. Bxc4 bxc4 24. Nxc4 Qb3 25. Nd6 Rcd8 26. Nxb7 Qxb7 27. b4 Nh5 28. Be5 Bg5 29. Rcd1 Qc6 30. Ne4 Be7 31. Qb3 f6 32. Bh2 Ng7 33. Nc5 Rd5 34. Rc1 Rc8 35. Bf4 Bxc5 36. Rxc5 Qd7 37. Rec1 Rcxc5 38. dxc5 Qc6 39. a4 Nf5 40. b5 Qa8 41. Be3 axb5 42. axb5 Kf7 43. c6 Nxe3 44. fxe3 Rd2 45. Rd1 Qd8 46. Rxd2 Qxd2 47. b6 Qc1+ 48. Kf2 Qd2+ 49. Kf3 Qa5 50. b7 Qh5+ 51. Kf2 Qh4+ 52. Kf1 1-0

[Event "Chigorin Memorial 08th"]
[Site "St Petersburg"]
[Date "2000.10.31"]
[Round "1"]
[White "Moiseenko, Alexander"]
[Black "Yashtylov, Anatolij"]
[Result "1/2-1/2"]
[WhiteElo "2582"]
[BlackElo "2314"]
[PlyCount "44"]
[EventDate "2000.10.31"]
[EventType "swiss"]
[EventRounds "9"]
[EventCountry "RUS"]
[SourceTitle "EXT 2001"]
[Source "ChessBase"]
[SourceDate "2000.11.22"]
[SourceVersion "1"]
[SourceVersionDate "2000.11.22"]
[SourceQuality "1"]

1. d4 d5 2. c4 e6 3. Nf3 c6 4. Bg5 Be7 5. Bxe7 Qxe7 6. e3 Nd7 7. Nc3 Ngf6 8. Bd3 0-0 9. 0-0 e5 10. dxe5 Nxe5 11. cxd5 Rd8 12. Nxe5 Qxe5 13. dxc6 Ng4 14. g3 Qh5 15. h4 bxc6 16. Bxh7+ Kxh7 17. Qxd8 Ne5 18. Ne4 Nf3+ 19. Kh1 Bh3 20. Qxa8 Qg4 21. Qxc6 Bg2+ 22. Kxg2 Nxh4+ 1/2-1/2